GETS Theological Seminary Library

負責的力量大: (Record no. 52)

MARC details
000 -LEADER
fixed length control field 01349nam a2200289Ia 4500
003 - CONTROL NUMBER IDENTIFIER
control field OSt
005 - DATE AND TIME OF LATEST TRANSACTION
control field 20241010100703.0
008 - FIXED-LENGTH DATA ELEMENTS--GENERAL INFORMATION
fixed length control field 200731s9999 xx 000 0 und d
020 ## - INTERNATIONAL STANDARD BOOK NUMBER
International Standard Book Number 9787507542080
040 ## - CATALOGING SOURCE
Transcribing agency 0
041 ## - LANGUAGE CODE
Language code of text/sound track or separate title chi
Language code of original eng
050 ## - LIBRARY OF CONGRESS CALL NUMBER
Classification number BJ1275
Item number .C595 2015
100 ## - MAIN ENTRY--PERSONAL NAME
Personal name Cloud, Henry
245 ## - TITLE STATEMENT
Title 負責的力量大:
Remainder of title = It's not my fault /
Statement of responsibility, etc. 亨利·克勞德 (Henry Cloud) , 約翰·湯森德 (John Townsend) 著; 胡茉玲譯
246 ## - VARYING FORM OF TITLE
Title proper/short title 负责的力量大:
260 ## - PUBLICATION, DISTRIBUTION, ETC.
Place of publication, distribution, etc. 北京:
Name of publisher, distributor, etc. 校園書房出版社授權, 華文出版社
Date of publication, distribution, etc. 2015
300 ## - PHYSICAL DESCRIPTION
Extent 231 p.
Other physical details ;
Dimensions 21 cm.
500 ## - GENERAL NOTE
General note Translation of: It's not my fault : the no-excuse plan to put you in charge of your life / Henry Cloud, John Townsend: Integrity Publishers, c2007.
505 ## - FORMATTED CONTENTS NOTE
Formatted contents note 透过许多丰富真实的案例,旨在帮助你提升个人负责的能力,有效解决生命中的各样难题,不再为自己找借口及归咎他人,踏上“为自己负责”的旅程!让你为自己的责任立界线,拒绝再说“这不是我的错”!脱离重担,不再找任何借口,看见梦想实现的可能。
650 ## - SUBJECT ADDED ENTRY--TOPICAL TERM
Topical term or geographic name entry element Blame -- Religious aspects -- Christianity.
650 ## - SUBJECT ADDED ENTRY--TOPICAL TERM
Topical term or geographic name entry element Christian ethics.
650 ## - SUBJECT ADDED ENTRY--TOPICAL TERM
Topical term or geographic name entry element Responsibility.
700 ## - ADDED ENTRY--PERSONAL NAME
Personal name Townsend, John
700 ## - ADDED ENTRY--PERSONAL NAME
Personal name 亨利·克勞德
700 ## - ADDED ENTRY--PERSONAL NAME
Personal name 胡茉玲
942 ## - ADDED ENTRY ELEMENTS (KOHA)
Source of classification or shelving scheme
Koha item type Chinese Book
Holdings
Withdrawn status Lost status Damaged status Not for loan Home library Current library Shelving location Date acquired Total Checkouts Full call number Barcode Date last seen Price effective from Koha item type
        GETS Theological Seminary Library GETS Theological Seminary Library General Stacks 07/09/2020   BJ1275 .C595 2015  00000052 07/09/2020 07/09/2020 Chinese Book
OpacCredits

Contact the Librarian, GETS Library
Email: library@mygets.org









Implemented by GETS Library
(Powered by ETCA Professional Group)
GETS Theological Seminary
412 E. Rowland Street, CA 91723